Statistiques concernant Harry Potter: la Cicatrice de Harry

Cliquez ici pour prendre le quiz!

Statistiques générales

  • Ce quiz a été pris 105 fois
  • Le résultat moyen est 7 sur 7

Statistiques - réponses

InformationRéponses% Correct
FormeÉclair
100%
CréateurVoldemort
100%
LocalisationFront de Harry Potter
99%
PossesseurHarry Potter
99%
UtilisationVoir dans la tête de Voldemort
98%
Première apparitionHarry Potter à l’école des sorciers
94%
Dernière apparitionHarry Potter et les Reliques de la Mort
94%

Distribution des résultats

Percentile par nombre de réponses

% des personnes avec chaque résultat

Votre développement - résultats

Vous n’avez pas pris ce quiz